000 01156cam a22003137a 4500
003 CHAP
005 20220329134852.0
008 971013s1971 r 00010 d
010 _a27184
011 _a28156
035 _a32258
040 _cCHAP
082 _a628.53
_bI5
110 _aInstituto Mexicano de Recursos Naturales Renovables
_959259
245 0 _aMesas redondas sobre deterioración del ambiente
260 _aMéxico, D.F. :
_bInstituto Mexicano de Recursos Naturales Renovables,
_c1971
300 _a258 p
590 _aBATCH-UPD
_b10
_c20130110
_lUCH01
_h0904
590 _aBATCH-UPD
_b10
_c20130410
_lUCH01
_h0532
590 _aBATCH-UPD
_b10
_c20130913
_lUCH01
_h2327
590 _aCONVERSION
_b10
_c20130109
_lUCH01
_h1316
650 1 4 _aAire
_xContaminación.
_93138
901 _aBK
942 _cLIBRO
949 _a628.53 I5
_bBC
_cLIBRO
_d-74774
_eLIBRO
_h16094
_i32258
_mD
_si
_t60.00
949 _a628.53 I5
_bBC
_cLIBRO
_d-74775
_eLIBRO
_fc.2
_h59583
_i32258
_mD
_si
_t60.00
949 _a628.53 I5
_bBC
_cLIBRO
_d-74776
_eLIBRO
_fc.3
_h59438
_i32258
_mD
_si
_t60.00
949 _a628.53 I5
_bBC
_cLIBRO
_d33724000536108
_eLIBRO
_fC.4
_h59430
_i32258
_si
_t60.00
999 _c27184
_d27184